000 00333nam a2200133Ia 4500
005 20251222144730.0
008 251222s9999||||xx |||||||||||||| ||spa||
082 _a759.06/J92
100 _aJurado Núñez, Francisco Jesús
245 0 _aModigliani en el Corazón de París
250 _a1ra.ed.
264 _bCajaSur
942 _cLIB
999 _c18564
_d18564